000 00841nam a2200241Ia 4500
003 OSt
005 20221005112650.0
006 a|||||r|||| 00| 0
007 ta
008 221004b |||||||| |||| 00| 0 eng d
020 _a9788187526599 (hbk)
_cINR 180.00
024 _a39369
037 _b1016, 30/01/2018, H.K. Prakashan
_cTextual
040 _aCRL
_cCRL
_beng
041 _2eng
_aeng
082 _aO153, Q7
100 _aਸਿੰਘ, ਗੁਰਬਚਨ, ਂਚ।
245 0 _aਬਾਰਹ ਮਾਹਾ
_b ਦਾ ਵਿਹਾਰਕ ਪੱਖ
260 _aਂਠਗਜਵਤ਼ਗ
_bਤ਼ੀਜਵਖ਼ਾ
_c2017
650 _aਪੰਜਾਬੀ ਸਾਹਿਤ
942 _hO153, Q7
_cTEXL
_2cc
999 _c1025586
_d1025586